=LDR 00000nam 2200000 4500 =001 INLIS000000000020906 =005 20130612115820 =008 ***********************************Ind** =035 ##$$0010-061300000020906 =041 ##$$a Ind =082 ##$$a 635.9 =090 ##$$a 635.9, Sur f =100 ##$$a Suryowinoto, Sutarni M =245 ##$$a Flora eksotika, tanaman hias berbunga, Sutarni M. Suryowinoto =260 ##$$a 1997 $b Yogyakarta =300 ##$$a 182 hlm, ilus, 29 cm =650 ##$$a tanaman hias =850 ##$$a NBPNMAT